| 000 | 00675nam a2200217 a 4500 | ||
|---|---|---|---|
| 999 |
_c1417 _d1417 |
||
| 008 | 200101t20032011ii ad||g |||| 001 0 eng d | ||
| 020 |
_a9788120319585 _cRs. 250.00 |
||
| 040 |
_aKO _beng |
||
| 041 | 0 | _aeng | |
| 044 | _aii | ||
| 082 | 0 | 4 |
_223 _a671 _bP2128 |
| 100 | 1 | _aParashar, B. S. Nagendra | |
| 245 | 1 | 0 |
_aElements of manufacturing processes / _cB. S. Nagendra Parashar and R. K. Mittal |
| 260 |
_aNew Delhi : _bPHI Learning Private Limited, _c2003 and Reprinted 2011. |
||
| 300 |
_axv , 475p. : _bill. , charts ; _c24 cm. |
||
| 504 | _aIncludes Index. | ||
| 650 | 0 |
_aManufacturing processes _vTextbooks. |
|
| 700 |
_aMittal, R. K. _eaut |
||
| 942 | _cBK | ||